000 00776nam a2200217 a 4500
005 20220618063514.0
008 040115s2003 mx r 000 0 spa d
020 _a8483166070
035 _aUPN01000131321
049 _aCG
050 4 _aQA135.5
_bF4.7
100 1 _aFernández Bravo, José Antonio
_934540
245 1 0 _aSecuenciación de contenidos matemáticos I :
_bproceso de enseñanza-aprendizaje de 6 a 8 años /
_cJosé Antonio Fernández Bravo, Santiago Atrio Cerezo, Felipe Bandera de la Riva.
260 _aMadrid :
_bCCS,
_c2003.
300 _a144 p.
440 0 _aEducadores ;
_v2
650 4 _aMatemáticas
_xPlanes y programas
_912134
700 1 _aAtrio Cerezo, Santiago,
_ecoaut.
700 1 _aBandera de la Riva, Felipe,
_ecoaut.
_934541
905 _aLibro
999 _c103476
_d103476